|
|
|
|
| LEADER |
00000nam0a2200000 4500 |
| 001 |
33400 |
| 005 |
20231101210149.0 |
| 010 |
|
|
|a 5742001134
|
| 035 |
|
|
|a (RuTPU)RU\TPU\book\33735
|
| 035 |
|
|
|a BOOK00000386
|
| 090 |
|
|
|a 33400
|
| 100 |
|
|
|a 20011210d1989 km y0rusy50 ca
|
| 101 |
0 |
|
|a rus
|
| 102 |
|
|
|a RU
|
| 105 |
|
|
|a y g 000zy
|
| 200 |
1 |
|
|a Комплектные электроприводы станков с ЧПУ
|e справочник
|f Е. А. Чернов, В. П. Кузьмин
|
| 210 |
|
|
|a Горький
|c Волго-Вятское кн. изд-во
|d 1989
|
| 215 |
|
|
|a 320 с.
|
| 606 |
1 |
|
|a Металлорежущие станки с программным управлением
|x Электроприводы следящие регулируемые
|x Гидравлические приводы
|2 stltpush
|3 (RuTPU)RU\TPU\subj\42702
|9 62360
|
| 610 |
1 |
|
|a электрические приводы
|
| 610 |
1 |
|
|a станки с ЧПУ
|
| 610 |
1 |
|
|a справочники
|
| 675 |
|
|
|a 621.9.06-529-8(035)
|v 3
|
| 700 |
|
1 |
|a Чернов
|b Е. А.
|g Евгений Александрович
|
| 701 |
|
1 |
|a Кузьмин
|b В. П.
|g Валерий Павлович
|
| 801 |
|
0 |
|a RU
|b 63413507
|c 20011210
|g PSBO
|
| 801 |
|
2 |
|a RU
|b 63413507
|c 20221010
|g PSBO
|
| 900 |
|
|
|a Электроприводы станочного оборудования
|
| 900 |
|
|
|a Автоматизированный электропривод
|
| 942 |
|
|
|c BK
|